Yeast Physiology and Biotechnology

Salvato in:
Dettagli Bibliografici
Autore principale: Walker, Graeme M. (Autore)
Natura: Libro
Lingua:inglese
Pubblicazione: Chichester : John Wiley & Sons, 1998
Tags: Aggiungi Tag
Nessun Tag, puoi essere il primo ad aggiungerne!!

MARC

LEADER 00000nam a22000003a 4500
001 stu48979
005 20190206124450.3
008 990122s1998------------------------eng-d
020 |a 0-471-96446-8 
040 |a STU  |b slo 
041 0 |a eng 
080 |a 577.3+620.9 
100 1 |a Walker, Graeme M.  |4 aut 
245 1 |a Yeast Physiology and Biotechnology 
260 |a Chichester :  |b John Wiley & Sons,  |c 1998 
300 |a 350 s 
500 |a Obr.,tab.,grafy,lit.,index 
996 |b C95629  |c C*95629  |l CCXV  |s P  |a 0  |w stu48979_0001